| 000 | 01367nam a2200277 4500 | ||
|---|---|---|---|
| 999 |
_c6319 _d6319 |
||
| 020 | _a0078259290 | ||
| 022 | _a9780078259296 | ||
| 050 |
_aPN59 _b.G47 |
||
| 100 | _aChin Beverly Ann | ||
| 245 |
_aGlencoe literature _cBeverly Ann Chin, Denny Wolfe,Jeffrey Copeland,Mary Ann Dudzinski, William Ray, Jacqueline Jones Royster & Jeffrey Wilhelm _bThe Reader's Choice |
||
| 250 | _aCalifornia Edition | ||
| 260 |
_aNew York _bGlencoe McGraw-Hill _c2002 |
||
| 300 |
_axxxv, 853, R156 pages : _bcolor illustrations : _c26 cm |
||
| 500 | _aIncludes California English-language arts content standards (p. x-xv.). Test practice questions by the Princeton Review. | ||
| 505 | _aTheme One: What I Am, What I Want To Be Theme Two: Winds Of Change Theme Three: Facing Challenge Theme Four: Where the Heart Is Theme Five: At the Crossroads Theme Six: Twists and Turns Theme Seven: A Different Dimension Theme Eight : A Delicate Balance | ||
| 650 | _aLanguage arts (Middle school) -- Textbooks. | ||
| 650 | _aLiterature -- Study and teaching (Middle school) -- Textbooks | ||
| 650 | _aEnglish literature -- Study and teaching (Middle school) -- Textbooks. | ||
| 700 | _aWolfe Denny | ||
| 700 | _aCopeland Jeffrey | ||
| 700 | _aDudzinski Mary Ann | ||
| 700 | _aRay William | ||
| 700 | _aRoyster Jacqueline Jones | ||
| 700 | _aWIlhem Jeffrey | ||
| 942 | _cBK | ||